La Música en el teatro de Calderón / Miquel Querol
Descripción Física:
119 p. ; 22 cm
MARC
| LEADER | 00000nam a2200000Ia 4500 | ||
|---|---|---|---|
| 001 | 1831 | ||
| 008 | 160829s1981 xx 000 0 cat d | ||
| 080 | |a B-1-218 | ||
| 100 | |a Querol i Gavaldà, Miquel |9 21172 | ||
| 245 | |a La Música en el teatro de Calderón / Miquel Querol | ||
| 260 | |a Barcelona : |b Diputació de Barcelona, Institut del Teatre, |c 1981 | ||
| 300 | |a 119 p. ; |c 22 cm | ||
| 600 | 1 | 0 | |a Calderón de la Barca, Pedro, |d 1600-1681 |9 37713 |
| 650 | |a Música dramàtica |x Espanya |x S. XVII |9 30839 | ||
| 650 | |a Teatre castella |x 1500/1700, Segle d'Or |x Història i crítica |9 30840 | ||
| 710 | 1 | |a Institut del Teatre (Barcelona, Catalunya) |9 52662 | |
| 901 | |a Arxiu | ||
| 942 | |n 1 | ||
| 952 | |0 0 |1 0 |4 0 |6 B1218 |7 1 |9 45542 |a Arxiu |b Arxiu |d 2016-12-01 |l 0 |o B-1-218 |p 1831 |r 2016-12-01 00:00:00 |w 2016-12-01 |y ARXIU | ||
| 999 | |c 48710 |d 48710 | ||